000 00619nam a2200193Ia 4500
008 230125s9999 xx 000 0 und d
020 _a81-87671-11-4
041 _aeng
082 _a823
_bBAG
100 _aCanfield J
_9106710
245 _aA 5th Portion of Chicken Soup for the Soul
260 _c2000
_bWestland Publications
_aNew Delhi
300 _a390p
440 _aChicken Soup for the Soul Series Book
_9106711
500 _aLiterature;Short stories;English Literature;Series Book;Chicken Soup for the Soul Series Book
650 _aGeneral
_9106712
700 _aCanfield J
_9106710
999 _c84199
_d84199